00692nam a2200217Ia 4500001001000000003000500010008004100015010001100056040000900067082001900076100004400095245011500139260006600254300001100320650002800331650003100359650002100390650002100411650001100432700003100443Para_1852CHAP220125s1995 xx 000 0 und d a200499 cCHAP aPA 631.0913 S3 aSalcedo Gómez, José Guadalupe, com. aTópicos de agronomía tropical /c comp. por José Guadalupe Salcedo Gómez y Luis Rey Carrasco Linares aMéxico :b UACh. Centro Regional Universitario del Sureste a189 p. aAgricultura x Tabasco  aAgricultura x trópicos  aCoco x Tabasco  aMamey x tabaco  aZapote aCarrasco Linares, Luis Rey